000 00485nam a22001457a 4500
003 PILC
005 20150312151629.0
008 150312b xxu||||| |||| 00| 0 eng d
050 _aDS 686.6A64
_b.C957 2011
100 _aCruz, Isangani A.
245 _aPepito speaker of the house :
_bthe public life of Jose B. Laurel, Jr.
_cIsangani A. Cruz.
260 _bSpeaker Laurel Foundation, Inc.,
_cc2011.
300 _a243 pages, various paging :
_billustrations ;
_c26 cm.
942 _2lcc
_cBK
999 _c283759
_d283759